[Event "NATO-ch 20th"]
[Site "Hammelburg"]
[Date "2009.06.19"]
[Round "7"]
[White "Szczesniak, Andrzej"]
[Black "Mueller, Jason L"]
[Result "1-0"]
[WhiteElo "2087"]
[BlackElo "2174"]
[PlyCount "49"]
[EventDate "2009.06.15"]
[EventType "swiss"]
[EventRounds "7"]
[EventCountry "GER"]
[SourceTitle "CBM 130 Extra"]
[Source "ChessBase"]
[SourceDate "2009.07.02"]
[SourceVersion "2"]
[SourceVersionDate "2009.07.15"]
[SourceQuality "1"]

1. c4 e5 2. Nc3 Nc6 3. g3 d6 4. Bg2 g6 5. d3 Bg7 6. Nd5 Nce7 7. e4 c5 8. Ne2 Nxd5 9. cxd5 h5 10. h4 Qb6 11. Nc3 Nh6 12. a4 f6 13. a5 Qd8 14. b4 cxb4 15. Qa4+ Kf8 16. Qxb4 Kg8 17. Nb5 a6 18. Qxd6 Bd7 19. Nc7 Rc8 20. Ne6 Rxc1+ 21. Rxc1 Qxa5+ 22. Kf1 Qd2 23. Qc5 Bb5 24. Bf3 Ng4 25. Kg2 1-0

[Event "NATO-ch 20th"]
[Site "Hammelburg"]
[Date "2009.06.18"]
[Round "5"]
[White "Drabke, Lorenz Maximilian"]
[Black "Mueller, Jason L"]
[Result "1-0"]
[WhiteElo "2469"]
[BlackElo "2174"]
[PlyCount "121"]
[EventDate "2009.06.15"]
[EventType "swiss"]
[EventRounds "7"]
[EventCountry "GER"]
[SourceTitle "CBM 130 Extra"]
[Source "ChessBase"]
[SourceDate "2009.07.02"]
[SourceVersion "2"]
[SourceVersionDate "2009.07.15"]
[SourceQuality "1"]

1. e4 c5 2. Nf3 e6 3. d4 cxd4 4. Nxd4 Nc6 5. Nb5 d6 6. c4 a6 7. N5c3 Nf6 8. Be3 Be7 9. Be2 0-0 10. 0-0 b6 11. f4 Qc7 12. Bf3 Bb7 13. Nd2 Nd7 14. Rc1 Nc5 15. Ndb1 Rac8 16. Rf2 Qb8 17. Rd2 Qa8 18. Bf2 Nd8 19. Qe2 f5 20. Bxc5 bxc5 21. Rf1 fxe4 22. Bxe4 Bxe4 23. Nxe4 d5 24. cxd5 exd5 25. Nec3 Bf6 26. Nxd5 Bd4+ 27. Rxd4 cxd4 28. Ne7+ Kh8 29. Nxc8 Qxc8 30. Qe4 Qc5 31. Nd2 d3+ 32. Kh1 Qb5 33. Nc4 Qa4 34. Qxd3 Qxa2 35. h3 Qa4 36. Rf3 Qa1+ 37. Kh2 Qe1 38. Ne5 Qb4 39. b3 g6 40. Kg3 Ne6 41. Qxa6 Nxf4 42. Kh2 Qd2 43. Qf1 Qd6 44. Nc4 Qb8 45. Kh1 Kg8 46. Ne3 Ne6 47. Nd5 Rxf3 48. Qxf3 Qe5 49. Nf6+ Kg7 50. Ng4 Qa1+ 51. Kh2 Ng5 52. Qb7+ Nf7 53. Qe7 h5 54. Ne3 Qd4 55. b4 Qd6+ 56. Qxd6 Nxd6 57. Kg3 Kf6 58. Kf4 g5+ 59. Kf3 Ke5 60. Nf1 Kf5 61. Ng3+ 1-0

[Event "NATO-ch 20th"]
[Site "Hammelburg"]
[Date "2009.06.18"]
[Round "6"]
[White "Mueller, Jason L"]
[Black "Oltean, Gusztav"]
[Result "0-1"]
[WhiteElo "2174"]
[BlackElo "2133"]
[PlyCount "54"]
[EventDate "2009.06.15"]
[EventType "swiss"]
[EventRounds "7"]
[EventCountry "GER"]
[SourceTitle "CBM 130 Extra"]
[Source "ChessBase"]
[SourceDate "2009.07.02"]
[SourceVersion "2"]
[SourceVersionDate "2009.07.15"]
[SourceQuality "1"]

1. e4 c5 2. Nf3 e6 3. d4 cxd4 4. Nxd4 a6 5. Bd3 Bc5 6. Nb3 Ba7 7. Qe2 Qc7 8. a4 Ne7 9. 0-0 Nbc6 10. a5 Ng6 11. Nc3 0-0 12. Kh1 Nf4 13. Qg4 Nxd3 14. Bh6 Nxf2+ 15. Rxf2 Qe5 16. Rf3 f5 17. exf5 exf5 18. Qh4 Qf6 19. Bg5 Qf7 20. Rh3 g6 21. Nd5 h5 22. Nf6+ Kg7 23. Re1 d6 24. Nxh5+ gxh5 25. Bf6+ Qxf6 26. Qxh5 Qg6 27. Rg3 Qxg3 0-1

[Event "Internet Section 06B g/8'+2\""]
[Site "Dos Hermanas"]
[Date "2004.03.06"]
[Round "8"]
[White "Mueller, Jason L"]
[Black "Wordemann, Martin"]
[Result "1-0"]
[WhiteElo "1801"]
[BlackElo "1942"]
[PlyCount "145"]
[EventDate "2004.03.06"]
[EventType "swiss (blitz)"]
[EventRounds "9"]
[EventCountry "ESP"]
[SourceTitle "CBM 099 Extra"]
[Source "ChessBase"]
[SourceDate "2004.05.04"]
[SourceVersion "1"]
[SourceVersionDate "2004.05.04"]
[SourceQuality "1"]

1. e4 d5 2. exd5 Qxd5 3. Nc3 Qa5 4. b4 Qxb4 5. Rb1 Qd6 6. Nf3 Nf6 7. d4 e6 8. Be2 Be7 9. 0-0 0-0 10. Ne5 Nc6 11. Nb5 Qd8 12. Bf4 Bd6 13. Bf3 Bd7 14. Nxd6 cxd6 15. Nc4 e5 16. dxe5 dxe5 17. Nxe5 Nxe5 18. Bxe5 Bc6 19. Bxc6 bxc6 20. Qf3 Nd5 21. c4 Nb6 22. Qg3 f6 23. Bc7 Qd4 24. Rfd1 Qxc4 25. Bxb6 axb6 26. Rxb6 Rfd8 27. Rxd8+ Rxd8 28. h3 Qd5 29. Rb7 Rd7 30. Qb8+ Kf7 31. Qa7 Rxb7 32. Qxb7+ Kg6 33. Qb3 Qd4 34. Kf1 c5 35. a4 c4 36. Qc2+ f5 37. a5 c3 38. a6 Qc4+ 39. Kg1 Qxa6 40. Qxc3 h6 41. Qg3+ Kh7 42. Qf4 Qf6 43. g4 Qa1+ 44. Kg2 Qa8+ 45. f3 Qa2+ 46. Kg3 fxg4 47. Qf5+ Kg8 48. Qc8+ Kf7 49. Qf5+ Ke7 50. Qe5+ Qe6 51. Qxg7+ Kd6 52. Qd4+ Ke7 53. hxg4 Kf7 54. Qf4+ Kg7 55. Qe4 Qd6+ 56. f4 Qd1 57. Qe5+ Kg6 58. f5+ Kf7 59. Qe6+ Kf8 60. Qxh6+ Kf7 61. Qg6+ Kf8 62. Qf6+ Kg8 63. Qe6+ Kf8 64. Kf4 Qd2+ 65. Ke5 Qc3+ 66. Ke4 Qb4+ 67. Kf3 Qc3+ 68. Qe3 Qc6+ 69. Kg3 Qh1 70. g5 Qh5 71. f6 Qh1 72. Qe7+ Kg8 73. Qg7# 1-0

[Event "Internet Section 06B g/8'+2\""]
[Site "Dos Hermanas"]
[Date "2004.03.06"]
[Round "4"]
[White "Shuey, Michael"]
[Black "Mueller, Jason L"]
[Result "0-1"]
[WhiteElo "1312"]
[BlackElo "1745"]
[PlyCount "60"]
[EventDate "2004.03.06"]
[EventType "swiss (blitz)"]
[EventRounds "9"]
[EventCountry "ESP"]
[SourceTitle "CBM 099 Extra"]
[Source "ChessBase"]
[SourceDate "2004.05.04"]
[SourceVersion "1"]
[SourceVersionDate "2004.05.04"]
[SourceQuality "1"]

1. e4 c5 2. Nf3 d6 3. d4 cxd4 4. Nxd4 Nf6 5. Nc3 g6 6. Be3 Bg7 7. Bc4 Nc6 8. Nb3 0-0 9. Qe2 Ng4 10. h3 Nxe3 11. Qxe3 Ne5 12. Be2 Be6 13. Nd4 Bc4 14. f4 Bxe2 15. Qxe2 Nc6 16. Nxc6 bxc6 17. Qe3 Qb6 18. Qxb6 axb6 19. Kd2 f5 20. exf5 Rxf5 21. Rhf1 Bxc3+ 22. Kxc3 Raf8 23. g3 e5 24. Rfd1 exf4 25. gxf4 d5 26. Re1 Rxf4 27. Re6 c5 28. Rxb6 Rf3+ 29. Kd2 Rf2+ 30. Kd3 R8f3# 0-1

[Event "Internet Section 06B g/8'+2\""]
[Site "Dos Hermanas"]
[Date "2004.03.06"]
[Round "2"]
[White "Yuja, Samir"]
[Black "Mueller, Jason L"]
[Result "1-0"]
[WhiteElo "1357"]
[BlackElo "1740"]
[PlyCount "67"]
[EventDate "2004.03.06"]
[EventType "swiss (blitz)"]
[EventRounds "9"]
[EventCountry "ESP"]
[SourceTitle "CBM 099 Extra"]
[Source "ChessBase"]
[SourceDate "2004.05.04"]
[SourceVersion "1"]
[SourceVersionDate "2004.05.04"]
[SourceQuality "1"]

1. d4 d5 2. e3 Nf6 3. Nf3 e6 4. a3 Bd6 5. c3 0-0 6. c4 dxc4 7. Bxc4 b6 8. Nc3 Bb7 9. Bd3 Nbd7 10. e4 e5 11. d5 Re8 12. 0-0 c6 13. dxc6 Bxc6 14. Be3 Bc5 15. Qe2 h6 16. Rfd1 Qe7 17. Bc2 Bxe3 18. Qxe3 Nc5 19. Ne1 Qe6 20. f3 Rad8 21. h3 Nb3 22. Rab1 Nd4 23. Bd3 Nh5 24. g4 Nf4 25. Kh2 Qf6 26. Ng2 Nxd3 27. Rxd3 Nc2 28. Qe2 Nd4 29. Qf2 g5 30. Rbd1 Ne6 31. Rxd8 Rxd8 32. Rxd8+ Qxd8 33. h4 Qd3 34. h5 1-0